01478nam a2200313 a 450000100100000000500170001000800410002702000180006804000250008608200170011110000400012824500500016826000930021830000210031150400320033259000260036465000440039065000340043465000580046865000550052673000500058173000630063173000500069491000370074495201300078195201150091195201210102699900170114700003554720200930074425.0111103s2011 dr 000 0 spa d a9789945880908 aDO-SdBNPbspacBNPHU a465.5bG993d1 aGuzmán, Roberto E.,d1945-96144210aDe palabra en palabra /cRoberto E. Guzmán. aSanto Domingo :bFundación Guzmán Ariza Pro Academia Dominicana de la Lengua,c2011. a360 p. ;c24 cm. aBibliografía : p. 355-360 aInventariado, 2018/LP 4aEspañolxAnálisis gramatical935093 4aEspañolxEtimología93539 4aEspañolxModismos, vicios de dicción, etc.919093 4aDiarios dominicanosxSecciones, columnas, etc.9440 aClave Digital (República Dominicana)9614430 aLos Nuevos Tiempos Digital (República Dominicana)9614440 aAcento.com.do (República Dominicana)961445 aValidado. Control de calidad EMS 001054708DSaGRbGRcHDd2011-11-03iLF1l0o465.5 G993dp35547-20r2020-06-25te. 3w2020-06-25yLFDSZPréstamo en sala 0010718PDaPDbPDcHDd2011-11-03iLF1l0o465.5 G993dp35547-10r2020-06-25w2020-06-25yLFPDZNo se presta 0010718PDaPDbPDcHDd2011-11-03iLF1l0o465.5 G993dp35547-30r2020-06-25te. 2w2020-06-25yLFPDZNo se presta c35038d35038